00849nam a2200229 4500999001500000001000600015003000900021005001700030008004100047040003800088082002300126245013300149260004000282300002200322505001200344650004400356700002800400700002400428700002900452942001200481952012600493 c1809d180919221BD-DhUAP20200216155712.0200216s2013 bg mx p w 0 a0eng d aBD-DhAALcBD-DhAALbEngdBD-DhUAP00a348.549204 DHA22300aThe Dhaka Law Reports :ba monthly law journal /cedited by Obaidul Huq Chowdhury, Shahabuddin Ahmad and Md. Khurshid Alam Khan. aDhaka :bDhaka law reports,cc2013. avolumes ;c26 cm. aV. 65-- aLaw reports, digests, etc.zBangladesh. aChowdhury, Obaidul Huq. aAhmad, Shahabuddin. aKhan, Md. Khurshid Alam. 2ddccBK 00102ddc4070aUAPCLbUAPCLcGeneral Stacksd2020-02-16o348.549204 DHA V-65p3010019221r2020-02-16t1w2020-02-16yBK